Capitales commençant par la lettre B avec le nom du Pays (Mort subite) - Statistiques

Statistiques générales
  • Ce quiz a été pris 354 fois
  • Le résultat moyen est 14 sur 25
Answers on the Grid
Answers color-coded by a green-red scale on the quiz's grid according to % correct below.
Slovaquie
Irak
Azerbaïdjan
Mali
Brunei
Thaïlande
République Centrafricaine
Gambie
Saint-Christophe-et-Niévès
Serbie
Belize
Allemagne
Suisse
Liban
Kirghizistan
Guinée-Bissau
Afrique du Sud
Colombie
Brésil
République du Congo
Barbade
Belgique
Roumanie
Hongrie
Argentine
Inde
Chine
Bangladesh
Espagne
Tanzanie
Indonésie
Pakistan
RD Congo
Nigeria
Royaume-Uni
France
Italie
Iran
Timor Oriental
Chypre
 
Statistiques - réponses
Réponse % Correct
Bruxelles Belgique
78%
Brasilia Brésil
77%
Berlin Allemagne
75%
Berne Suisse
73%
Buenos Aires Argentine
72%
Bogota Colombie
67%
Bucarest Roumanie
67%
Bangkok Thaïlande
67%
Budapest Hongrie
65%
Beyrouth Liban
63%
Bagdad Irak
59%
Bratislava Slovaquie
59%
Belgrade Serbie
57%
Bakou Azerbaïdjan
53%
Bamako Mali
52%
Bissau Guinée-Bissau
47%
Brazzaville République du Congo
47%
Belmopan Belize
45%
Bandar Seri Begawan Brunei
38%
Bangui République Centrafricaine
38%
Bridgetown Barbade
37%
Banjul Gambie
37%
Bichkek Kirghizistan
36%
Basseterre Saint-Christophe-et-Niévès
32%
Bloemfontein Afrique du Sud
28%
Aucun quiz correspondant
Distribution des résultats
% des personnes avec chaque résultat
Percentile par nombre de réponses
Votre historique - résultats
Vous n’avez pas pris ce quiz